000 00323nam a22001337a 4500
008 181024b xxu||||| |||| 00| 0 eng d
020 _a978142391180
041 _aeng
080 _a070
100 _a27
101 _amed
245 _atHE Media Technology Digital Media In The Classroom
_cShelly.G
942 _2udc
_cBK
999 _c50879
_d50879